00443 2200181 4500001002100000005001500021035002000036245003000056100001300086250001700099300003200116260003200148082001000180084001600190020002200206650001500228500001800243INLIS00000000000067220240831080630 a0010-08240001901 aPeternak Kuda /cSuparman0 aSuparman aCetakan Ke-1 aiv, 43 hlm :bIlus ;c22 cm aSurabaya :bJP Books,c2007 a636.1 a636.1 SUP p a978-979-3487-82-3 4aPeternakan aSeri Beternak